European Capital Pictures - Sudden Death - Statistics

General Stats
  • This quiz has been taken 38 times
  • The average score is 12 of 20
Answers on the Grid
Answers color-coded by a green-red scale on the quiz's grid according to % correct below.
 
Answer Stats
Answer % Correct
Rome
91%
Berlin
88%
Amsterdam
82%
Paris
82%
Copenhague
76%
Madrid
70%
Prague
70%
Riga
64%
Bern
64%
Monaco
61%
Bratislava
61%
Vaduz
58%
Bruxelles
58%
Tallinn
58%
Stockholm
58%
Vienne
45%
Helsinki
45%
Lisbonne
45%
Dublin
27%
Oslo
18%
No matching quizzes found
Score Distribution
Percent of People with Each Score
Percentile by Number Answered
Your Score History
You have not taken this quiz